00305 a2200097 4500001001000000005001700010008004100027245005500068100002100123773006300144ART_3468620260410161928.0260409a 10aEl Comité asesor del Consejo de derechos humanos1 aCoriolano, Mario0 tDerechos humanosg- Año III, Nº 7 (sep. 2015)wREV22278